000 00633nam a2200229Ia 4500
003 OSt
005 20221007081816.0
006 a|||||r|||| 00| 0
007 ta
008 221006b |||||||| |||| 00| 0 eng d
024 _a14,051
037 _cTextual
040 _aFLL
_cFLL
_beng
041 _2eng
_aeng
082 _aX:321:Z73Y7, L7
100 _aMccall J.R. Au.
_9698093
245 0 _aConsumer protection cases notes and materials
260 _aPaul
_bWest publishing co. U.S.A.
_c1977
300 _a594p
_ccm.
942 _hX:321:Z73Y7, L7
_cTEXL
_2CC
999 _c1164335
_d1164335